Escenas de películas #1 - Estadísticas

Estadísticas generales
  • Esta prueba ha sido intentada 1.048 veces
  • La puntuación promedio es 8 de 16
Estadísticas de respuestas
Imagen Respuesta % Correcto
Kung fu Panda
75%
Los juegos del hambre
74%
Toy Story
69%
Bohemian Rhapsody
68%
Los Increíbles
67%
Crepúsculo
64%
Cómo entrenar a tu dragón 3
63%
Guerra mundial Z
60%
Pretty woman
59%
El gran Gatsby
52%
Las crónicas de Narnia: El León, la Bruja y el Armario
42%
Los mundos de Coraline
29%
Orgullo y prejuicio
23%
El niño con el pijama de rayas
17%
Venganza
11%
Colombiana
5%
No se encontraron pruebas coincidentes
Distribución de puntuación
Porcentaje de gente con cada puntuación
Porcentaje por número respondido
Historial de tus puntuaciones
No has intentado esta prueba.